LEADER 01559nam 2200397Ia 450 001 996385939903316 005 20221108011030.0 035 $a(CKB)4940000000076096 035 $a(EEBO)2240962300 035 $a(OCoLC)12266123 035 $a(EXLCZ)994940000000076096 100 $a19850715d1680 uy | 101 0 $alat 135 $aurbn||||a|bb| 200 10$aIdiomatologia Anglo-Latina, sive, Dictionarium idiomaticum Anglo-Latinum$b[electronic resource] $ein quo phrases tam Latinæ quam Anglicanæ linguæ ... /$fopera?, studio, & industria? Guilielmi Walker .. 205 $aTertia editio, cui accessit istiusmodi phrasium & idiomatum additio in ultraque lingua ad minus trium millium. 210 $aLondini $cTypis E. Horton, impensis T. Sawbridg ...$d1680 215 $a[22], 536 p 300 $aReproduction of original in Huntington Library. 300 $aAdded illustrated t.p., in English: A dictionarie of English and Latine idiomes ... 300 $aDouble columns of English/Latin. 300 $aAdvertisement: p. [21] 330 $aeebo-0113 606 $aEnglish language$vDictionaries$xLatin 606 $aLatin language$vDictionaries$xEnglish 615 0$aEnglish language$xLatin. 615 0$aLatin language$xEnglish. 700 $aWalker$b William$f1623-1684.$01002630 801 0$bEAA 801 1$bEAA 801 2$bm/c 801 2$bWaOLN 906 $aBOOK 912 $a996385939903316 996 $aIdiomatologia Anglo-Latina, sive, Dictionarium idiomaticum Anglo-Latinum$92301227 997 $aUNISA LEADER 00933nam a2200265 i 4500 001 991001052999707536 005 20020507105744.0 008 970308s1968 it ||| | ita 035 $ab10166865-39ule_inst 035 $aLE00641333$9ExL 040 $aDip.to Fisica$bita 084 $a34 084 $a378 100 1 $aIorio, Giuseppe$0447263 245 10$aLegislazione universitaria /$ca cura di Giuseppe Iorio 260 $aNapoli :$bLibreria Scientifica Editrice,$c1968 300 $a1065 p. ;$c24 cm. 500 $aEdizione aggiornata al 31 Maggio 1968. 650 4$aUniversità-Amministrazione-Legislazione 907 $a.b10166865$b02-04-14$c27-06-02 912 $a991001052999707536 945 $aLE006 34 IOR$g1$i2006000005180$lle006$o-$pE0.00$q-$rl$s- $t0$u0$v0$w0$x0$y.i10203369$z27-06-02 996 $aLegislazione universitaria$9188175 997 $aUNISALENTO 998 $ale006$b01-01-97$cm$da $e-$fita$git $h0$i1